Czy Rozpoznasz piłkarza po obrazku? - Statystyki

Ogólne statystyki
  • Ten quiz został rozwiązany 84 razy
  • Średni wynik to 15 z 20
Statystyki odpowiedzi
Obrazkowy Odpowiedź % Poprawnych
Neymar
99%
Cristiano Ronaldo
91%
Kylian Mbappé
91%
Lionel Messi
88%
Robert Lewandowski
81%
Zlatan Ibrahimović
81%
Sergio Ramos
80%
Luka Modrić
77%
Gareth Bale
76%
Luis Suárez
74%
Harry Kane
72%
Kevin De Bruyne
70%
Toni Kroos
70%
Eden Hazard
68%
Mohamed Salah
64%
Arjen Robben
62%
David de Gea
58%
Andrés Iniesta
57%
Antoine Griezmann
54%
Giorgio Chiellini
54%
Nie znaleziono quizów pasujących do podanych kryteriów
Rozkład punktacji
Procent ludzi z każdym wynikiem
Percentyl według liczby udzielonych odpowiedzi
Twoja historia wyników
Nie rozwiązałeś tego quizu